Volkskalender für Schlesier
| Titel: | Volkskalender für Schlesier |
|---|---|
| Veröffentlicht: |
Landshut : Aufstieg-Verl., 1950-[2017] München : Verl. Christ Unterwegs, 1951-1955 Wunsiedel : Ackermann, 1956-1959 München : Aufstieg-Verl., 1960-1989 München : Verl. Kirchl. Hilfst., 1950 |
| Erscheinungsverlauf: | 2.1950 - 59.2007; 61.2008-70. Jahrgang (2017) ; damit Erscheinen eingestellt |
| Format: | Zeitschrift, Zeitung |
| Sprache: | Deutsch |
| Frühere/Spätere Titel: | Vorg.: . Volkskalender für Heimatvertriebene aus Schlesien |
X
| Lokale Klassifikation: | 14 1 B |
|---|
alg: 4834933 001A $06050:21-06-96 001B $06050:03-09-22 $t11:53:12.000 001D $06050:10-10-15 001U $0utf8 001X $00 002@ $0Abvc 002C $aText $btxt $2rdacontent 002D $aohne Hilfsmittel zu benutzen $bn $2rdamedia 002E $aBand $bnc $2rdacarrier 003@ $004834933X 003O $0613438410 $aOCoLC 005A $fbrosch. 006D $0550203095 006U $077,A13,1191 006Z $0974839-8 007A $0974839-8 $aZDB 010@ $ager 011@ $a1950 $b2017 $n1950-[2017] 013D $RPresse $RFortlaufendes Sammelwerk $#Periodicals $#Yearbooks $#Périodiques $#Annuaires $#Publicaciones periódicas $#journals $#Periodical $#Periodicals as Topic $#Zeitschrift $#Zeitschrift $#Zeitschrift $#Periodikum $#Zeitschriften $74067488-5 $8Zeitschrift [Tsz] $9085189774 013D $RVerzeichnis $RBibliografie $RInventar $RNeuerwerbungsliste $#Publishers' catalogs $#Catalogs $#Catalogs and collections $#Catalogues d'éditeurs $#Catalogues $#Cataloghi editoriali $#Catálogos de editores $#Catalog $#Bestandskatalog $#Bestandsverzeichnis Formschlagwort $74163417-2 $8Katalog [Ts1] $9085724890 013H $0kt 018@ $0a 021A $aVolkskalender für Schlesier 031@ $a2.1950 - 59.2007; 61.2008-70. Jahrgang (2017) ; damit Erscheinen eingestellt 031N $0 $061 $02008 $070 $02017 $d2 $j1950 $k2007 $n59 033A $pLandshut $nAufstieg-Verl. 033A $pMünchen $h1950 $ze $nVerl. Kirchl. Hilfst. 033A $pMünchen $h1951-1955 $zf $nVerl. Christ Unterwegs 033A $pWunsiedel $h1956-1959 $zf $nAckermann 033A $pMünchen $h1960-1989 $zf $nAufstieg-Verl. 039E $aVorg. $bf $8--Abvc--. Volkskalender für Heimatvertriebene aus Schlesien $9067452094 045E $b24b $b14a 045U $e910 $e940 $e390 046P $aJg. 60 in d. Zählung übersprungen; ersch. jährl. lok: 4834933 24 101B $005-12-02 $t16:26:13.239 101C $019-09-00 145Z/01 $a14 1 B 101U $0utf8 exp: 4834933 24 1 #EPN 201B/01 $020-03-26 $t13:22:43.000 201C/01 $019-09-00 201U/01 $0utf8 203@/01 $0146288343 208@/01 $a19-09-00 $bp 209A/01 $a14 I BZ 1 $f050 $h14 1 BZ 1 $x00 209E/01 $a2.1950 - 59.2007; 61.2008 - 70.2017 $x02 209E/01 $az.T. Fotokopien $x04 220C/01 $aR. - O. - [[ff/G:Hrsg.=best.//16.10.13//Ho-Sz_pB]]+[1986=e/G:Jaehne]+[e/K:s.AL=best.1976-1985u.1987u.1991]+[e/T:MOB=s.AL]. - [e/T:HausSchl.]=Bd.9,11,40,41,49-52,54. - JBK-Abl.//09.12.21//Ho-Sz 231@/01 $0 $061 $02008 $070 $02017 $d2 $j1950 $k2007 $n59 247C/01 $8358050-7Marburg, Bibliothek des Herder-Instituts Marburg $9102600961 exp: 4834933 24 2 #EPN 201B/02 $026-03-12 $t16:22:03.000 201C/02 $014-04-09 201U/02 $0utf8 203@/02 $0573560676 208@/02 $a14-04-09 $bgp 209A/02 $aCD-ROM 522 $dd $f050 $hCD ROM 522 $x00 $lnx 209E/02 $a20.1968 - 23.1971 $x02 209E/02 $aSicherheitsdigitalisat. - Papierausdruck möglich $x04 209G/02 $aCD-ROM $x01 220C/02 $a(O). - [Eigenprod.] 247C/02 $8358050-7 Marburg, Bibliothek des Herder-Instituts Marburg $9102600961 exp: 4834933 24 3 #EPN 201B/03 $029-07-14 $t11:02:02.000 201C/03 $029-07-14 201U/03 $0utf8 203@/03 $0735178550 208@/03 $a29-07-14 $bp 209A/03 $a14 I BZ 1 b $f050 $h14 1 BZ 1 / + 2 $x00 209E/03 $a2. Ex. $x01 209E/03 $a20.1968 - 23.1971 $x02 209E/03 $aFotokopien $x04 220C/03 $aO//Ho-Sz 231@/03 $d20 $j1968 $k1971 $n23 247C/03 $8358050-7 Marburg, Bibliothek des Herder-Instituts Marburg $9102600961 lok: 4834933 78 exp: 4834933 78 1 #EPN 201B/01 $019-04-17 $t14:20:50.000 201U/01 $0utf8 203@/01 $0790940418 208@/01 $a12-11-16 $be 209A/01 $a/ $f000 $x00 237A/01 $aweiterführende Signatur(en): Herder-Institut: 14 I BZ 1 244Z/01 $2Trx $#Silesia $#Śląsk $#Sliezsko $#Slezsko $8--Trx--Schlesien $x01 $9391173987 244Z/01 $2Trx $#Poola $#Lenkija $#Polija $#Polen Land $#Poland $#Lengyelország $#Poľsko $#Polsko $8--Trx--Polska$gkraj $x02 $9391345966 245Z/01 $a01.02 $x01 247C/01 $82080>Marburg/Lahn, Herder-Institut, Forschungsbibliothek, Bibliographieportal $9336309341 lok: 4834933 107 exp: 4834933 107 1 #EPN 201B/01 $007-05-18 $t19:05:42.000 201U/01 $0utf8 203@/01 $01021777366 208@/01 $a07-05-18 $bp 209A/01 $aZt/1295 $f000 $x00 209E/01 $a2.1950 - 3.1951; 8.1956 - 18.1966 $x02 209G/01 $aMagazin $x01 231@/01 $0 $08 $01956 $018 $01966 $d2 $j1950 $k1951 $n3 247C/01 $8658008-7 Mainz, Martinus-Bibliothek $9428012507 lok: 4834933 205 101B $009-06-15 $t10:09:10.000 101U $0utf8 145S/01 $a330 145S/02 $a361 exp: 4834933 205 1 #EPN 201B/01 $006-03-26 $t09:49:16.000 201U/01 $0utf8 203@/01 $0040497062 208@/01 $a12-01-15 $bp 209A/01 $aZs 03976 $ds $f000 $x00 $lkx 209E/01 $a2.1950 - 5.1953; 7.1955; 22.1970 $x02 231@/01 $0 $07 $01955 $0 $022 $01970 $d2 $j1950 $k1953 $n5 247C/01 $8351000-1 <4>Marburg, Universität Marburg, Universitätsbibliothek $9102594767
| LEADER | 00000cas a2200000 c 4500 | ||
|---|---|---|---|
| 001 | 04834933X | ||
| 003 | DE-603 | ||
| 005 | 20220903115312.0 | ||
| 007 | tu | ||
| 008 | 960621d19502017xx a| p| c 0 |1ger c | ||
| 015 | |a 77,A13,1191 |2 dnb | ||
| 016 | 7 | |2 DE-600 |a 974839-8 | |
| 035 | |a (DE-599)ZDB974839-8 | ||
| 035 | |a (OCoLC)613438410 | ||
| 040 | |a DE-603 |b ger |c DE-603 |d DE-603 | ||
| 041 | |a ger | ||
| 084 | |a 24b |a 14a |q DE-101 |2 sdnb | ||
| 084 | |a 910 |a 940 |a 390 |q DE-600 |2 sdnb | ||
| 245 | 0 | 0 | |a Volkskalender für Schlesier |
| 264 | 1 | |a München |b Verl. Kirchl. Hilfst. |c 1950 | |
| 264 | 2 | 1 | |a München |b Verl. Christ Unterwegs |c 1951-1955 |
| 264 | 2 | 1 | |a Wunsiedel |b Ackermann |c 1956-1959 |
| 264 | 2 | 1 | |a München |b Aufstieg-Verl. |c 1960-1989 |
| 264 | 3 | 1 | |a Landshut |b Aufstieg-Verl. |c 1950-[2017] |
| 336 | |a Text |b txt |2 rdacontent | ||
| 337 | |a ohne Hilfsmittel zu benutzen |b n |2 rdamedia | ||
| 338 | |a Band |b nc |2 rdacarrier | ||
| 362 | 0 | |a 2.1950 - 59.2007; 61.2008-70. Jahrgang (2017) ; damit Erscheinen eingestellt | |
| 363 | 0 | 0 | |8 1.1\x |a 2 |i 1950 |
| 363 | 0 | 0 | |8 2.1\x |a 61 |i 2008 |
| 363 | 1 | 0 | |8 1.2\x |a 59 |i 2007 |
| 363 | 1 | 0 | |8 2.2\x |a 70 |i 2017 |
| 365 | |b brosch. | ||
| 515 | |a Jg. 60 in d. Zählung übersprungen; ersch. jährl. | ||
| 655 | 7 | |a Zeitschrift |2 gnd-content |0 (DE-588)4067488-5 |0 (DE-603)085189774 | |
| 655 | 7 | |a Katalog |2 gnd-content |0 (DE-588)4163417-2 |0 (DE-603)085724890 | |
| 780 | 0 | 0 | |i Vorg. |t Volkskalender für Heimatvertriebene aus Schlesien |w (DE-603)067452094 |w (DE-600)974804-0 |
| 924 | 0 | |9 Mb 50 |a (DE-603)146288343 |b DE-Mb50 |c HES |d c |g 14 I BZ 1 |m 2 |q 1950 |r 59 |v 2007 |w ; |m 61 |q 2008 |r 70 |v 2017 |z 2.1950 - 59.2007; 61.2008 - 70.2017 | |
| 924 | 0 | |9 Mb 50 |a (DE-603)573560676 |b DE-Mb50 |c HES |d d |g CD-ROM 522 |h CD-ROM |z 20.1968 - 23.1971 | |
| 924 | 0 | |9 Mb 50 |a (DE-603)735178550 |b DE-Mb50 |c HES |d c |g 14 I BZ 1 b |m 20 |q 1968 |r 23 |v 1971 |z 20.1968 - 23.1971 | |
| 924 | 0 | |9 2080 |a (DE-603)790940418 |b DE-2080 |c HES |d d |g / | |
| 924 | 0 | |9 Mz 2 |a (DE-603)1021777366 |b DE-Mz2 |c HES |d d |g Zt/1295 |m 2 |q 1950 |r 3 |v 1951 |w ; |m 8 |q 1956 |r 18 |v 1966 |z 2.1950 - 3.1951; 8.1956 - 18.1966 | |
| 924 | 0 | |9 4 |a (DE-603)040497062 |b DE-4 |c HES |d b |g Zs 03976 |m 2 |q 1950 |r 5 |v 1953 |w ; |m 7 |q 1955 |w ; |m 22 |q 1970 |z 2.1950 - 5.1953; 7.1955; 22.1970 | |


